| 000 | 00822cab a2200277 4500 | ||
|---|---|---|---|
| 001 | ABS53586 | ||
| 008 | 090401t1995 xxu||||| |||| 00| 0 eng d | ||
| 035 | _a(Sirsi) u5207 | ||
| 041 | _aeng | ||
| 100 | _aMoor, N. | ||
| 245 | 2 | _aA compromise if not a settlement | |
| 260 | _c1995 | ||
| 350 | _a0 | ||
| 490 |
_aHouse Builder _vSeptember 1995, 40-47(5) |
||
| 520 | _aOutlines the current debate on new settlements and looks at the past problems of individual schemes. Includes a table of housing completion rates on major developments. | ||
| 650 | _aCAMBOURNE | ||
| 650 | _aCAMBRIDGESHIRE | ||
| 650 | _aCHURCH LANGLEY | ||
| 650 | _aNEW SETTLEMENTS | ||
| 650 | _aNOTLEY GREEN | ||
| 650 | _aUPPER HEYFORD | ||
| 650 | _aURBAN VILLAGES | ||
| 690 | _aHOUSING-DEVELOPMENT | ||
| 942 | _n0 | ||
| 948 | _c04/03/1997 | ||
| 999 |
_c3109 _d3109 |
||